Efektívnosť ako najdôležitejšia ekonomická kategória

Vymedzenie pojmu efektívnosť a jej klasifikácia. Výpočet efektívnosti.

Salvato in:
Dettagli Bibliografici
Autore principale: Strážovská, Helena
Natura: Capitolo di libro
Lingua:slovacco
Soggetti:
Tags: Aggiungi Tag
Nessun Tag, puoi essere il primo ad aggiungerne!!

MARC

LEADER 00000nla a2200000 4500
001 0227674
005 20240502073742.3
041 0 |a slo 
044 |a SK 
245 1 0 |a Efektívnosť ako najdôležitejšia ekonomická kategória  |c Helena Strážovská 
520 |a Vymedzenie pojmu efektívnosť a jej klasifikácia. Výpočet efektívnosti. 
610 2 0 |a efektívnosť ekonomická 
610 2 0 |a kategórie ekonomické 
610 2 0 |a štatistika ekonomická 
100 1 |a Strážovská, Helena